अभिनव हिन्दी व्याकरण / (Record no. 120837)

MARC details
000 -LEADER
fixed length control field 01080nam a22002537a 4500
005 - DATE AND TIME OF LATEST TRANSACTION
control field 20170124103203.0
010 ## - LIBRARY OF CONGRESS CONTROL NUMBER
LC control number A-974455
020 ## - INTERNATIONAL STANDARD BOOK NUMBER
Terms of availability 200.00
International Standard Book Number 8187247061
035 ## - SYSTEM CONTROL NUMBER
System control number A-974455
037 ## - SOURCE OF ACQUISITION
Source of stock number/acquisition Cen Lib/Ret
040 ## - CATALOGING SOURCE
Original cataloging agency DPL
Language of cataloging HN
082 ## - DEWEY DECIMAL CLASSIFICATION NUMBER
Classification number 425
Item number त्रिपाठी
100 ## - MAIN ENTRY--PERSONAL NAME
Personal name त्रिपाठी, रूपनारायण
9 (RLIN) 43407
245 ## - TITLE STATEMENT
Title अभिनव हिन्दी व्याकरण /
Statement of responsibility, etc रूपनारायण त्रिपाठी
246 ## - VARYING FORM OF TITLE
Title proper/short title Abhinav hindi vyakran /
Remainder of title by Roopnarayan Tripathi
260 ## - PUBLICATION, DISTRIBUTION, ETC. (IMPRINT)
Place of publication, distribution, etc जयपुर
Name of publisher, distributor, etc श्याम प्रकाशन
Date of publication, distribution, etc 1999
270 ## - ADDRESS
Address फिल्म कॉलोनी, चौड़ा रास्ता
City जयपुर
Postal code 302 003
300 ## - PHYSICAL DESCRIPTION
Extent 202पृ.
Dimensions 20सेमी(सजिल्द)
650 ## - SUBJECT ADDED ENTRY--TOPICAL TERM
Topical term or geographic name as entry element हिन्दी -- भाषा
9 (RLIN) 92894
650 ## - SUBJECT ADDED ENTRY--TOPICAL TERM
Topical term or geographic name as entry element हिन्दी -- व्याकरण
9 (RLIN) 92895
650 ## - SUBJECT ADDED ENTRY--TOPICAL TERM
Topical term or geographic name as entry element Hindi Language
9 (RLIN) 9446
650 ## - SUBJECT ADDED ENTRY--TOPICAL TERM
Topical term or geographic name as entry element Hindi - grammar
9 (RLIN) 9482
942 ## - ADDED ENTRY ELEMENTS (KOHA)
Source of classification or shelving scheme Dewey Decimal Classification
Koha item type Hindi Books
Classification part 425
Call number suffix त्रिपाठी
Holdings
Withdrawn status Lost status Damaged status Not for loan Home library Current library Date acquired Source of acquisition Cost, normal purchase price Total Checkouts Total Renewals Full call number Barcode Date last seen Date checked out Copy number Cost, replacement price Price effective from Koha item type Source of classification or shelving scheme
        Central Library Central Library 29/09/2015 Cen Lib/Ret 200.00 7 5 425 त्रिपाठी A-974455 03/03/2023 10/02/2023 1 200.00 29/09/2015 Hindi Books  
        Central Library Central Library 24/10/2016 Cen Lib/Ret 200.00 8 2 425 त्रिपाठी B-242454 14/07/2021 01/07/2021 2 200.00 24/10/2016 Hindi Books Dewey Decimal Classification

© Delhi Public Library
Hit Counter
free hit counter